Privatizácia vodnej dopravy dvíha kotvy Nevyhnutné bude zoštíhlenie stavu pracovníkov

Postupná integrácia vodnej cesty v západnej Európe. Dopravcovia v medzinárodnej vodnej doprave SR. Slovenská plavba dunajská, š.p. Bratislava ako rozhodujúci dopravca a jeho 6 odštepných závodov. Výkony verejných prístavov v Komárne a Bratislave. Postupná privatizácia činností súvisiacich s dopravno...

Ausführliche Beschreibung

Gespeichert in:
Bibliographische Detailangaben
1. Verfasser: Polakovič, Ivan
Format: Buchkapitel
Sprache:Slowakisch
Schlagworte:
Tags: Tag hinzufügen
Keine Tags, Fügen Sie das erste Tag hinzu!

MARC

LEADER 00000naa a2200000 4500
001 r016035
005 20221213114221.9
041 0 |a slo 
044 |a SK 
245 1 0 |a Privatizácia vodnej dopravy dvíha kotvy  |b Nevyhnutné bude zoštíhlenie stavu pracovníkov  |c Ivan Polakovič 
520 |a Postupná integrácia vodnej cesty v západnej Európe. Dopravcovia v medzinárodnej vodnej doprave SR. Slovenská plavba dunajská, š.p. Bratislava ako rozhodujúci dopravca a jeho 6 odštepných závodov. Výkony verejných prístavov v Komárne a Bratislave. Postupná privatizácia činností súvisiacich s dopravnou a prístavnou činnosťou. Privatizácia vodnej dopravy. Rozvoj infraštruktúry prístavov a vodnej cesty. Systém financovania infraštruktúry. 
610 2 0 |a doprava vodná 
610 2 0 |a západná Európa 
610 2 0 |a Slovensko 
610 2 0 |a cesty vodné 
610 2 0 |a privatizácia 
610 2 0 |a plavba vnútrozemská 
610 2 0 |a Slovenská plavba dunajská, š.p. Bratislava 
610 2 0 |a prístavy 
610 2 0 |a infraštruktúra 
610 2 0 |a financovanie 
100 1 |a Polakovič, Ivan